| 000 | 00850nam a2200253 i 4500 | ||
|---|---|---|---|
| 001 | 189212 | ||
| 003 | SpMaBN | ||
| 005 | 20240104170813.0 | ||
| 008 | 190425s2017 sp |||| | spa d | ||
| 020 | _a978-84-947115-5-8 | ||
| 080 | _a821.134.2-14"19" | ||
| 100 | 1 |
_aOrtega, María Antonia. _987420 |
|
| 245 | 1 | 0 |
_a33 poemas _b: la música de la memoria / _cMaría Antonia Ortega. |
| 246 | 3 | _aTreinta y tres poemas | |
| 250 | _a1ª ed. | ||
| 260 |
_a[Siero, Asturias] : _bArs Poetica, _c2017. |
||
| 300 |
_a71 p. ; _c21 cm. |
||
| 490 | 1 | _aBeatus ille | |
| 830 | 0 |
_aBeatus ille _9193505 |
|
| 852 |
_aES-MaACL _jA-14501 _9196350 _bR.151973 _cDEPO1 _dOlim: N-7501 _gDedicatoria autógrafa de la autora _hDonación: María Antonia Ortega |
||
| 903 |
_987420 _aOrtega, María Antonia _ednr |
||
| 942 |
_2udc _cMONOGRAFIA |
||
| 999 |
_c189212 _d189212 |
||